000 00517nam a2200217Ia 4500
003 0100
008 130227s9999 xx 000 0 und d
020 _a2869781504
040 _cARRUPELIB
050 _aB5320.O83 2005
100 _aOsha, Sanya
245 _aKwasi Wiredu and beyond
245 _bThe text, writing and thought in Africa
260 _aDakar
260 _bCODESRIA
260 _C2005
300 _axxvi
300 _b 209p 23cm
650 _bChristian life - Early works
942 _2lcc
_05
999 _c5078
_d5078